<?xml version="1.0" encoding="UTF-8"?><?xml-stylesheet type="text/xsl" href="static/style.xsl"?><OAI-PMH xmlns="http://www.openarchives.org/OAI/2.0/" xmlns:xsi="http://www.w3.org/2001/XMLSchema-instance" xsi:schemaLocation="http://www.openarchives.org/OAI/2.0/ http://www.openarchives.org/OAI/2.0/OAI-PMH.xsd"><responseDate>2026-06-06T04:55:04Z</responseDate><request verb="GetRecord" identifier="oai:riuma.uma.es:10630/41114" metadataPrefix="marc">https://riuma.uma.es/rest/oai/request</request><GetRecord><record><header><identifier>oai:riuma.uma.es:10630/41114</identifier><datestamp>2026-02-03T11:15:39Z</datestamp><setSpec>com_10630_2254</setSpec><setSpec>col_10630_37953</setSpec></header><metadata><record xmlns="http://www.loc.gov/MARC21/slim" xmlns:dcterms="http://purl.org/dc/terms/" xmlns:doc="http://www.lyncode.com/xoai" xmlns:xsi="http://www.w3.org/2001/XMLSchema-instance" xsi:schemaLocation="http://www.loc.gov/MARC21/slim http://www.loc.gov/standards/marcxml/schema/MARC21slim.xsd">
   <leader>00925njm 22002777a 4500</leader>
   <datafield ind2=" " ind1=" " tag="042">
      <subfield code="a">dc</subfield>
   </datafield>
   <datafield ind2=" " ind1=" " tag="720">
      <subfield code="a">Moral-Sánchez, Silvia Natividad</subfield>
      <subfield code="e">author</subfield>
   </datafield>
   <datafield ind2=" " ind1=" " tag="720">
      <subfield code="a">Ruiz-Rey, Francisco José</subfield>
      <subfield code="e">author</subfield>
   </datafield>
   <datafield ind2=" " ind1=" " tag="720">
      <subfield code="a">Cebrián-de-la-Serna, Manuel</subfield>
      <subfield code="e">author</subfield>
   </datafield>
   <datafield ind2=" " ind1=" " tag="260">
      <subfield code="c">2023</subfield>
   </datafield>
   <datafield ind2=" " ind1=" " tag="520">
      <subfield code="a">The use of artificial intelligence (AI) is becoming increasingly widespread in today’s &#xd;
society. This type of technology, and more specifically chatbots as virtual assistants, &#xd;
can be implemented and integrated as a support tool in educational environments. &#xd;
This article proposes the creation of chatbots in the subject of didactic of geometry &#xd;
of the Degree of Primary Education of the Faculty of Education at the University &#xd;
of Málaga, carried out by 120 students in two groups. The aim is to analyse these &#xd;
chatbots, as well as the students’ evaluation and satisfaction with them. To this end, &#xd;
the students were given brief training so that they could generate their own bots and &#xd;
know how to integrate them into a social network and then use them. The results of &#xd;
the questionnaire show that the students have shown interest in the generation of &#xd;
their chatbot and its integration into the social network, have improved their digital &#xd;
competence, as well as demonstrating a high degree of satisfaction with their AI &#xd;
creations, along with the idea that this type of experience can be transferred to other &#xd;
subjects and educational contexts.</subfield>
   </datafield>
   <datafield ind1="8" ind2=" " tag="024">
      <subfield code="a">Moral-Sánchez, S.N., Ruiz-Rey, F. J. &amp; Cebrián-de-la-Serna, M. (2023). Análisis de chatbots de inteligencia artificial y satisfacción en el aprendizaje  en educación. International Journal of Educational Research and Innovation (IJERI), (20), 1-14. 10.46661/ijeri.8196</subfield>
   </datafield>
   <datafield ind1="8" ind2=" " tag="024">
      <subfield code="a">https://hdl.handle.net/10630/41114</subfield>
   </datafield>
   <datafield ind1="8" ind2=" " tag="024">
      <subfield code="a">10.46661/ijeri.8196</subfield>
   </datafield>
   <datafield tag="653" ind2=" " ind1=" ">
      <subfield code="a">Investigación activa en educación</subfield>
   </datafield>
   <datafield tag="653" ind2=" " ind1=" ">
      <subfield code="a">Matemáticas - Estudio y enseñanza</subfield>
   </datafield>
   <datafield tag="653" ind2=" " ind1=" ">
      <subfield code="a">Inteligencia artificial en la enseñanza</subfield>
   </datafield>
   <datafield ind2="0" ind1="0" tag="245">
      <subfield code="a">Analysis of artificial intelligence chatbots and satisfaction  for learning in mathematics education</subfield>
   </datafield>
</record>
</metadata></record></GetRecord></OAI-PMH>